Modern concepts on water resources (Record no. 1335)

000 -LEADER
fixed length control field 00600nam a22002177a 4500
001 - CONTROL NUMBER
control field 1335
003 - CONTROL NUMBER IDENTIFIER
control field BD-DhUET
008 - FIXED-LENGTH DATA ELEMENTS--GENERAL INFORMATION
fixed length control field 140903b xxu||||| |||| 00| 0 eng d
020 ## - INTERNATIONAL STANDARD BOOK NUMBER
International Standard Book Number 9848090309
040 ## - CATALOGING SOURCE
Original cataloging agency 0
Transcribing agency 0
Modifying agency BD-DhUET
082 ## - DEWEY DECIMAL CLASSIFICATION NUMBER
Classification number 628.16068095492
Item number FAI/2007
100 ## - MAIN ENTRY--PERSONAL NAME
Personal name Faisal Hossain
245 ## - TITLE STATEMENT
Title Modern concepts on water resources
Statement of responsibility, etc. by Faisal Hossain,Md. Delawer Hossain
250 ## - EDITION STATEMENT
Edition statement Ist ed.
260 ## - PUBLICATION, DISTRIBUTION, ETC. (IMPRINT)
Place of publication, distribution, etc. Dhaka
Name of publisher, distributor, etc. UGC,
Date of publication, distribution, etc. 2007
300 ## - PHYSICAL DESCRIPTION
Extent xv,222p.
504 ## - BIBLIOGRAPHY, ETC. NOTE
Bibliography, etc Includes bibliographies
650 #0 - SUBJECT ADDED ENTRY--TOPICAL TERM
Topical term or geographic name as entry element Water resources management
Geographic subdivision Bangladesh
700 ## - ADDED ENTRY--PERSONAL NAME
Personal name Delawer Hossain, Md.
942 ## - ADDED ENTRY ELEMENTS (KOHA)
Koha item type General Book
Holdings
Sublocation or collection (holding branch) Piece designation (barcode) Koha normalized classification for sorting Lost status Not for loan Withdrawn status Koha date last seen Koha full call number Koha item type Copy number Location (home branch) Damaged status Date acquired Shelving location Source of classification or shelving scheme Price effective from
Central Library, BUET103500628_160680954920000_FAI_2007   2014-09-03628.16068095492/FAI/2007General Book1Central Library, BUET 2014-09-03Circulation section 2014-09-03
Central Library, BUET103501628_160680954920000_FAI_2007   2014-09-03628.16068095492/FAI/2007General Book2Central Library, BUET 2014-09-03Circulation section 2014-09-03
Central Library, BUET103502628_160680954920000_FAI_2007   2014-09-03628.16068095492/FAI/2007General Book3Central Library, BUET 2014-09-03Circulation section 2014-09-03
Central Library, BUET103503628_160680954920000_FAI_2007   2014-09-03628.16068095492/FAI/2007General Book4Central Library, BUET 2014-09-03Circulation section 2014-09-03
Central Library, BUET103504628_160680954920000_FAI_2007   2014-09-03628.16068095492/FAI/2007General Book5Central Library, BUET 2014-09-03Circulation section 2014-09-03
Central Library, BUET103505628_160680954920000_FAI_2007   2014-09-03628.16068095492/FAI/2007General Book6Central Library, BUET 2014-09-03Circulation section 2014-09-03
Central Library, BUET103506628_000000000000000_1606809549   2014-09-03628.16068095492/FAI/2007General Book7Central Library, BUET 2014-09-03Circulation section 2014-09-03
Central Library, BUET103507628_000000000000000_1606809549   2014-09-03628.16068095492/FAI/2007General Book8Central Library, BUET 2014-09-03Circulation section 2014-09-03
Central Library, BUET103508628_160680954920000_FAI_2007   2014-09-03628.16068095492/FAI/2007General Book9Central Library, BUET 2014-09-03Circulation section 2014-09-03
Central Library, BUET103509628_000000000000000_1606809549   2014-09-03628.16068095492/FAI/2007General Book10Central Library, BUET 2014-09-03Circulation section 2014-09-03
Central Library, BUET114242628_160680954920000_FAI_2007   2016-07-26628.16068095492/FAI/2007General Book11Central Library, BUET 2016-07-26Circulation section 2016-07-26
Central Library, BUET114243628_160680954920000_FAI_2007   2016-07-26628.16068095492/FAI/2007General Book12Central Library, BUET 2016-07-26Circulation section 2016-07-26